00326nam a2200109Ia 4500008004100000082002100041100002900062245001800091260003300109630001800142650005600160211109s9999||||xx |||||||||||||| ||und|| a294.592 3bNAR-B aNarayana Sastrikal P K,  0aBalabharatham bS D V PressaAllapuzhac1904 xGeneral Stack aMalayalam LiteraturevNalayalam LanguagexGeneralia